| 000 | 00536nam a2200193Ia 4500 | ||
|---|---|---|---|
| 005 | 20250508153809.0 | ||
| 008 | 008 250505s9999 xx 000 0 eng d | ||
| 037 | _aTextual | ||
| 040 |
_aFEDL _beng _cFEDL |
||
| 041 |
_aeng _2eng |
||
| 084 |
_a370.1, STO _qFEDL |
||
| 100 | _aStoddard George D. | ||
| 245 | 0 | _aFrontiers in education | |
| 260 |
_aCalifornia, USA _bStanford University Press _c1945 |
||
| 300 | _av,41p | ||
| 650 | _aEducation - Philosophy | ||
| 942 |
_cTEXL _h370.1, STO |
||
| 999 |
_c1345555 _d1345555 |
||